书目信息 |
| 题名: |
新型高分子铝盐混凝剂制备及应用
|
|
| 作者: | 吴珍 著 | |
| 分册: | ||
| 出版信息: | 北京 北京工业大学出版社 2021.4 |
|
| 页数: | 164页 | |
| 开本: | 24cm | |
| 丛书名: | ||
| 单 册: | ||
| 中图分类: | X703.5 | |
| 科图分类: | ||
| 主题词: | 高分子材料--复合混凝剂--材料制备 | |
| 电子资源: | ||
| ISBN: | 978-7-5639-6950-0 | |
| 000 | 00984nam0 2200241 45 | |
| 001 | 012001001057 | |
| 005 | 20140912150438.0 | |
| 010 | @a978-7-5639-6950-0@dCNY54.00 | |
| 100 | @a20200116d2019 em y0chiy50 ea | |
| 101 | 0 | @achi |
| 102 | @aCN@b110000 | |
| 105 | @aa z 000yy | |
| 106 | @ar | |
| 200 | 1 | @a新型高分子铝盐混凝剂制备及应用@Axin xing gao fen zi lv yan hun ning ji zhi bei ji ying yong@b专著@f吴珍[等]著 |
| 210 | @a北京@c北京工业大学出版社@d2021.4 | |
| 215 | @a164页@c图@d24cm | |
| 304 | @a著者还有:张弦、张盼月、李继定 | |
| 330 | @a本书共分11章,内容包括:混凝及高分子铝盐混凝剂应用基础;PAC-AI13混凝剂的制备及其混凝特性;PAC-AI30混凝剂的制备及其混凝特性;聚合氯化铝特性及其混凝机理探讨;高分子铝盐混凝剂的电中和性能;基于波尔茨曼方程的絮体生长动力学;强化混凝对煤矿井下污水处理效果等。 | |
| 606 | 0 | @a高分子材料@x复合混凝剂@x材料制备 |
| 690 | @aX703.5@v5 | |
| 701 | 0 | @a吴珍@Awu zhen@4著 |
| 801 | 0 | @aCN@bBJSDL@c20211011 |
| 905 | @b1332872-5@dX703.5@e343@f4 | |
| 新型高分子铝盐混凝剂制备及应用/吴珍[等]著.-北京:北京工业大学出版社,2021.4 |
| 164页:图;24cm |
| ISBN 978-7-5639-6950-0:CNY54.00 |
| 本书共分11章,内容包括:混凝及高分子铝盐混凝剂应用基础;PAC-AI13混凝剂的制备及其混凝特性;PAC-AI30混凝剂的制备及其混凝特性;聚合氯化铝特性及其混凝机理探讨;高分子铝盐混凝剂的电中和性能;基于波尔茨曼方程的絮体生长动力学;强化混凝对煤矿井下污水处理效果等。 |
| ● |
| 相关链接 |
|
|
|
|
正题名:新型高分子铝盐混凝剂制备及应用
索取号:X703.5/343
 
预约/预借
| 序号 | 登录号 | 条形码 | 馆藏地/架位号 | 状态 | 备注 |
| 1 | 1332872 | 213328727 | 第二样本阅览室/ [索取号:X703.5/343] | 在馆 | |
| 2 | 1332873 | 213328736 | 第三借阅区/ [索取号:X703.5/343] | 在馆 | |
| 3 | 1332874 | 213328745 | 第三借阅区/ [索取号:X703.5/343] | 在馆 | |
| 4 | 1332875 | 213328754 | 第三借阅区/ [索取号:X703.5/343] | 在馆 |